000 00288nam a22001337a 4500
008 180906b xxu||||| |||| 00| 0 eng d
020 _a9780071459112
041 _aeng
080 _a330.101
100 _a52
101 _aMIC
245 _aMicroeconomics
_cDepken.c.A
942 _2udc
_cBK
999 _c47593
_d47593